000 00290nam a2200121Ia 4500
008 220204s9999 xx 000 0 und d
082 _bFLE
100 _aFlecher
245 0 _aHerbicides and plant growth regulators
260 _aNew York
_bGranda
_c1982
700 _aKirkwood
942 _cBK
999 _c37321
_d37321